Spell the Marvel Hero #120 - Statistics

General Stats
  • This quiz has been taken 16 times
  • The average score is 5 of 7
Answer Stats
Picture Answer % Correct
Ant-Man
100%
Hulk
100%
Nightcrawler
80%
Spider-Man India
80%
Shaman
70%
Auntie Ante
60%
Mass Master
50%
No matching quizzes found
Score Distribution
Percent of People with Each Score
Percentile by Number Answered
Your Score History
You have not taken this quiz